000 00299nam a22001337a 4500
008 170428b xxu||||| |||| 00| 0 eng d
020 _a9781452202600
041 _aeng
080 _23 ED
_a343.9
100 _a13
101 _aSHJ
245 _aRACE AND CRIME
_cGABBIDON,SH.L
942 _2udc
_cBK
999 _c12313
_d12313